[Event "SUI-chT"]
[Site "Switzerland"]
[Date "2024.04.28"]
[Round "3.1"]
[White "Stojanovic, Mihajlo"]
[Black "Mattenberger, Matthias"]
[Result "1-0"]
[WhiteElo "2476"]
[BlackElo "2239"]
[PlyCount "105"]
[EventDate "2024.03.10"]
[EventType "team-tourn"]
[EventRounds "9"]
[EventCountry "SUI"]
[SourceTitle "CB19_2024"]
[SourceDate "2024.05.08"]
[SourceVersion "1"]
[SourceVersionDate "2024.05.08"]
[SourceQuality "1"]
[WhiteTeam "Reti"]
[BlackTeam "Bern Schwarz Weiss"]
[WhiteTeamCountry "SUI"]
[BlackTeamCountry "SUI"]

1. Nf3 Nf6 2. c4 g6 3. Nc3 d5 4. cxd5 Nxd5 5. e4 Nxc3 6. dxc3 Qxd1+ 7. Kxd1 f6 8. Be3 e5 9. Nd2 Nd7 10. Nb3 b6 11. Kc2 a5 12. a4 Bd6 13. f3 Ke7 14. h4 h5 15. Bc4 Ba6 16. Bxa6 Rxa6 17. Rad1 Raa8 18. Rd5 Rhd8 19. Rhd1 Nf8 20. Nd2 Ne6 21. Nc4 Bc5 22. b3 Bxe3 23. Nxe3 c6 24. Rxd8 Rxd8 25. Nc4 Rxd1 26. Kxd1 Nc5 27. Kc2 Nd7 28. b4 axb4 29. cxb4 Kd8 30. Kd3 Kc7 31. Ne3 Kd6 32. Nc4+ Kc7 33. Ne3 Kd6 34. g4 Nf8 35. gxh5 gxh5 36. Nf5+ Kd7 37. Ng7 Ng6 38. Nxh5 Nxh4 39. Nxf6+ Ke6 40. a5 bxa5 41. bxa5 Kd6 42. Ke3 Ng6 43. a6 Kc7 44. Nd7 Ne7 45. Nxe5 Kb6 46. f4 Kxa6 47. f5 Ng8 48. Ng4 Ne7 49. Kf4 Kb6 50. f6 Ng6+ 51. Kf5 Nh4+ 52. Ke6 Kc5 53. Ne5 1-0

[Event "SUI-chT"]
[Site "Switzerland"]
[Date "2024.04.14"]
[Round "2.3"]
[White "Vernay, Clovis"]
[Black "Stojanovic, Mihajlo"]
[Result "1/2-1/2"]
[WhiteElo "2480"]
[BlackElo "2476"]
[PlyCount "79"]
[EventDate "2024.03.10"]
[EventType "team-tourn"]
[EventRounds "9"]
[EventCountry "SUI"]
[SourceTitle "CB19_2024"]
[SourceDate "2024.05.08"]
[SourceVersion "1"]
[SourceVersionDate "2024.05.08"]
[SourceQuality "1"]
[WhiteTeam "Geneve"]
[BlackTeam "Reti"]
[WhiteTeamCountry "SUI"]
[BlackTeamCountry "SUI"]

1. d4 d5 2. c4 dxc4 3. Nf3 Nf6 4. e3 e6 5. Bxc4 c5 6. 0-0 Nc6 7. dxc5 Qxd1 8. Rxd1 Bxc5 9. a3 0-0 10. b4 Be7 11. Bb2 b6 12. Nbd2 Bb7 13. Nb3 Rac8 14. Rac1 Rfd8 15. Rxd8+ Nxd8 16. Ne5 Kf8 17. f3 Bd5 18. Ba6 Rxc1+ 19. Nxc1 Bb7 20. Bxb7 Nxb7 21. Nc6 a5 22. Ne2 axb4 23. axb4 Nd6 24. Bd4 Nc4 25. Nc3 g6 26. Kf2 Nd5 27. Nxd5 exd5 28. Ke2 Bd6 29. Kd3 Bxh2 30. e4 Bc7 31. exd5 Nd6 32. Be5 h5 33. Nd4 Ke7 34. Nc6+ Kd7 35. Bf6 Ne8 36. Bd4 Kd6 37. Ne5 Kxd5 38. Nxf7 Ke6 39. Ng5+ Kd5 40. Ne4 1/2-1/2

[Event "Basel Christmas op"]
[Site "Basel"]
[Date "2023.12.26"]
[Round "1"]
[White "Stojanovic, Mihajlo"]
[Black "Xheladini, Mahmut"]
[Result "1-0"]
[WhiteElo "2487"]
[BlackElo "2135"]
[PlyCount "76"]
[EventDate "2023.12.26"]
[EventType "swiss"]
[EventRounds "9"]
[EventCountry "SUI"]
[SourceTitle "CB02_2024"]
[SourceDate "2024.01.10"]
[SourceVersion "1"]
[SourceVersionDate "2024.01.10"]
[SourceQuality "1"]

1. d4 Nc6 2. d5 Ne5 3. f4 Ng6 4. e4 e6 5. dxe6 dxe6 6. Qxd8+ Kxd8 7. Nf3 Nf6 8. Nc3 Bb4 9. Bd3 a6 10. Bd2 Bd7 11. g3 Bc6 12. 0-0-0 Ng4 13. Rhf1 Bc5 14. Rde1 b5 15. Re2 b4 16. Nd1 Bb5 17. h3 Nf6 18. f5 exf5 19. exf5 Ne7 20. Ne5 Rf8 21. Ne3 Nd7 22. Nxd7 Kxd7 23. f6 gxf6 24. Rxf6 Bxd3 25. cxd3 Bd6 26. Nc4 Nd5 27. Rf3 c6 28. Bh6 Bxg3 29. Bxf8 Rxf8 30. Re4 f6 31. Ne3 Nxe3 32. Rexe3 Bd6 33. d4 Bc7 34. Kc2 Bd8 35. Re4 Rg8 36. Rg4 Re8 37. Kd2 Be7 38. Rh4 Rg8 1-0

[Event "Belgrade Trophy 36th"]
[Site "Belgrade"]
[Date "2023.12.01"]
[Round "7"]
[White "Stojanovic, Mihajlo"]
[Black "Oliinyk, Serafim"]
[Result "1-0"]
[WhiteElo "2490"]
[BlackElo "1990"]
[PlyCount "131"]
[EventDate "2023.11.25"]
[EventType "swiss"]
[EventRounds "9"]
[EventCountry "SRB"]
[SourceTitle "CB49_2023"]
[SourceDate "2023.12.06"]
[SourceVersion "1"]
[SourceVersionDate "2023.12.06"]
[SourceQuality "1"]

1. d4 d5 2. c4 e6 3. Nc3 Nf6 4. Bg5 Be7 5. e3 h6 6. Bh4 0-0 7. Rc1 b6 8. cxd5 Nxd5 9. Nxd5 exd5 10. Bxe7 Qxe7 11. Be2 Bb7 12. Bf3 c6 13. Ne2 Nd7 14. 0-0 Rfd8 15. Nf4 Qd6 16. Qb3 a5 17. Rfd1 a4 18. Qc3 Nf6 19. Nd3 Rac8 20. Qb4 Qxb4 21. Nxb4 Kf8 22. Re1 Rc7 23. Rc3 Ke7 24. Rec1 Kd6 25. Bd1 Ra8 26. f3 c5 27. Kf2 Rcc8 28. Nd3 Nd7 29. g4 c4 30. Nb4 Rf8 31. Bc2 g6 32. e4 b5 33. a3 Rae8 34. e5+ Kc7 35. f4 Rh8 36. Rh3 Nb6 37. Rg1 Bc8 38. f5 Reg8 39. Rgg3 Bd7 40. Rh4 f6 41. Rgh3 fxe5 42. dxe5 Rf8 43. Rxh6 Rxh6 44. Rxh6 gxf5 45. Na6+ Kb7 46. Nc5+ Kc7 47. Rxb6 fxg4+ 48. Rf6 Rh8 49. Kg2 Bc8 50. Bg6 d4 51. Be4 d3 52. Rc6+ Kb8 53. e6 Rd8 54. Kf2 d2 55. Bc2 Bxe6 56. Rb6+ Ka7 57. Rb7+ Ka8 58. Nxe6 d1Q 59. Bxd1 Rxd1 60. Rxb5 Rd3 61. Ra5+ Kb8 62. Rxa4 Rd2+ 63. Kg3 Rxb2 64. Rb4+ Rxb4 65. axb4 c3 66. Nd4 1-0

[Event "Belgrade Trophy 36th"]
[Site "Belgrade"]
[Date "2023.11.25"]
[Round "1"]
[White "Kosovac, Milan"]
[Black "Stojanovic, Mihajlo"]
[Result "0-1"]
[WhiteElo "1818"]
[BlackElo "2490"]
[PlyCount "58"]
[EventDate "2023.11.25"]
[EventType "swiss"]
[EventRounds "9"]
[EventCountry "SRB"]
[SourceTitle "CB49_2023"]
[SourceDate "2023.12.06"]
[SourceVersion "1"]
[SourceVersionDate "2023.12.06"]
[SourceQuality "1"]

1. d4 d5 2. c4 dxc4 3. Nc3 a6 4. a4 Nc6 5. Nf3 Bg4 6. e3 Na5 7. Be2 Bxf3 8. Bxf3 e6 9. 0-0 c6 10. e4 Nb3 11. Rb1 Nxd4 12. g3 e5 13. Bg2 Bc5 14. Be3 Qe7 15. Bxd4 Bxd4 16. Kh1 Nf6 17. h3 0-0 18. Na2 b5 19. Qc2 Nd7 20. axb5 axb5 21. Nc3 Nc5 22. Ne2 Rfd8 23. f4 Be3 24. Rbd1 Nd3 25. Kh2 Ra2 26. Rb1 Qb4 27. Rf3 Qd2 28. Qxd2 Bxd2 29. fxe5 Rxb2 0-1

[Event "Lugano Paradiso op 2nd"]
[Site "Lugano"]
[Date "2023.10.28"]
[Round "3"]
[White "Drei, Andrea"]
[Black "Stojanovic, Mihajlo"]
[Result "0-1"]
[WhiteElo "2064"]
[BlackElo "2486"]
[PlyCount "106"]
[EventDate "2023.10.27"]
[EventType "swiss"]
[EventRounds "5"]
[EventCountry "SUI"]
[SourceTitle "Mega2024 Update 01"]
[Source "Chessbase"]
[SourceDate "2023.11.12"]
[SourceVersion "1"]
[SourceVersionDate "2023.11.12"]
[SourceQuality "1"]

1. e4 e6 2. d4 d5 3. Bd3 dxe4 4. Bxe4 Nf6 5. Bf3 c5 6. Ne2 Nc6 7. Be3 e5 8. Bxc6+ bxc6 9. dxe5 Qxd1+ 10. Kxd1 Ng4 11. Nd2 Nxe5 12. h3 Be7 13. f4 Nd7 14. c4 0-0 15. Nc3 Rd8 16. Ke2 Nf8 17. Rad1 Bf5 18. Nf3 f6 19. g4 Be6 20. b3 f5 21. g5 Bf7 22. Rxd8 Rxd8 23. Ne5 Bh5+ 24. Kf2 Rc8 25. Ne2 Bxe2 26. Kxe2 Bd6 27. Rd1 Bxe5 28. fxe5 Re8 29. Kf3 Rxe5 30. Rd8 Kf7 31. Ra8 Ne6 32. Rxa7+ Kg6 33. h4 Kh5 34. Bf2 Re4 35. Ra6 Nd4+ 36. Bxd4 cxd4 37. Rxc6 Kxh4 38. Rc7 g6 39. Rxh7+ Kxg5 40. Rd7 Kh5 41. Rd5 Re3+ 42. Kf2 Rc3 43. Rxd4 g5 44. b4 Rc2+ 45. Ke3 f4+ 46. Kd3 Rxa2 47. b5 f3 48. Rd8 f2 49. Rf8 g4 50. b6 g3 51. Kc3 Ra3+ 52. Kb2 Ra6 53. c5 Ra5 0-1

[Event "SUI-ch op 122nd"]
[Site "Leukerbad"]
[Date "2023.07.21"]
[Round "7"]
[White "Joie, Sebastien"]
[Black "Stojanovic, Mihajlo"]
[Result "1/2-1/2"]
[WhiteElo "2379"]
[BlackElo "2485"]
[PlyCount "31"]
[EventDate "2023.07.07"]
[EventType "swiss"]
[EventRounds "9"]
[EventCountry "SUI"]
[SourceTitle "EXT 2024"]
[Source "ChessBase"]
[SourceDate "2023.10.10"]
[SourceVersion "1"]
[SourceVersionDate "2023.10.10"]
[SourceQuality "1"]

1. e4 e6 2. d4 d5 3. exd5 exd5 4. Nf3 Nf6 5. Bd3 Bd6 6. 0-0 0-0 7. Bg5 Bg4 8. Nbd2 Nbd7 9. c3 c6 10. Qc2 h6 11. Bh4 Qc7 12. Rae1 Bxf3 13. Nxf3 Rfe8 14. Bg3 Bxg3 15. hxg3 Kf8 16. Bf5 1/2-1/2

[Event "Oberliga Baden 2223"]
[Site "Germany"]
[Date "2023.04.23"]
[Round "9.1"]
[White "Dauner, Benedikt"]
[Black "Stojanovic, Mihajlo"]
[Result "1/2-1/2"]
[WhiteElo "2328"]
[BlackElo "2494"]
[PlyCount "142"]
[EventDate "2022.09.18"]
[EventType "team-tourn"]
[EventRounds "9"]
[EventCountry "GER"]
[SourceTitle "EXT 2024"]
[Source "ChessBase"]
[SourceDate "2023.10.10"]
[SourceVersion "1"]
[SourceVersionDate "2023.10.10"]
[SourceQuality "1"]
[WhiteTeam "Karlsruhe"]
[BlackTeam "Buchen"]
[WhiteTeamCountry "GER"]
[BlackTeamCountry "GER"]

1. d4 d5 2. Nf3 Nf6 3. c3 e6 4. Bf4 c5 5. e3 Bd6 6. Ne5 0-0 7. Nd2 Nc6 8. Bd3 Qc7 9. Ndf3 h6 10. g4 cxd4 11. cxd4 Nxe5 12. dxe5 Bb4+ 13. Kf1 Ne4 14. Rc1 Qb6 15. g5 h5 16. Nd4 g6 17. a3 Be7 18. b4 Bd7 19. f3 Nxg5 20. Ke2 Rfc8 21. Rxc8+ Rxc8 22. Bxg5 Bxg5 23. Rg1 Be7 24. Bxg6 fxg6 25. Qd3 g5 26. Qg6+ Kf8 27. Qh6+ Ke8 28. Qh8+ Bf8 29. Rxg5 Qa6+ 30. Kf2 Qd3 31. Qxh5+ Ke7 32. Qh4 Qd2+ 33. Ne2 Kd8 34. Rg1+ Be7 35. Rg8+ Be8 36. Qd4 Rc2 37. Qxd2 Rxd2 38. Ke1 Ra2 39. Nd4 Kd7 40. Rg7 Rxa3 41. Kf2 Ra6 42. h4 Kd8 43. Rh7 Bxb4 44. h5 Bf8 45. h6 b5 46. Rh8 Bxh6 47. Rxh6 Bd7 48. f4 b4 49. f5 Ra2+ 50. Kf3 exf5 51. e6 Ba4 52. Kf4 b3 53. Rh1 b2 54. Rb1 a5 55. Ke5 Kc7 56. Kxd5 Be8 57. Kc4 a4 58. Nc2 Bc6 59. Nb4 Be4 60. e7 Kd7 61. Rd1+ Kxe7 62. Nxa2 b1Q 63. Rxb1 Bxb1 64. Nc3 Bc2 65. Kb4 Kd6 66. Ne2 Ke5 67. Ng3 Bd1 68. Ka3 Bc2 69. Kb4 Bd1 70. Ka3 Bc2 71. Kb4 Bd1 1/2-1/2